| 000 | 00731nam a22001937a 4500 | ||
|---|---|---|---|
| 003 | BD-DhUL | ||
| 005 | 20160210103349.0 | ||
| 008 | 160202s2002 bg ao||| |||| 00| 0 ben | ||
| 020 | _a9843200764 | ||
| 040 |
_aBD-DhUL _cBD-DhUL |
||
| 082 |
_a954.92 _bZIA |
||
| 245 | 1 | 0 |
_aজিয়াউর রহমানের নির্বাচিত ভাষণ / _cএস. এম. বিপাশ আনোয়ার |
| 260 |
_aঢাকা : _bধরণী সাহিত্য সংসদ, _c২০০২ |
||
| 300 |
_a৩০৩ পৃ. : _bচিত্র; _c২১ সেমি. |
||
| 365 |
_aBDT _b300 |
||
| 651 | 0 |
_aBangladesh _xHiastory |
|
| 700 | _aআনোয়ার, এস. এম. বিপাশ | ||
| 942 |
_2ddc _cBK |
||
| 999 |
_c47698 _d47698 |
||